| 000 | 01078cam a22003255a 4500 | ||
|---|---|---|---|
| 001 | 015776037 | ||
| 003 | OSt | ||
| 005 | 20201128021105.0 | ||
| 008 | 110318t2014 enk frb 001 0 eng d | ||
| 020 | _a9780415618168 (hbk.) | ||
| 020 | _a0415618169 (hbk.) | ||
| 020 | _a9780415618175 (pbk.) | ||
| 020 | _a0415618177 (pbk.) | ||
| 020 | _z9781315814384 (ebook) | ||
| 040 |
_aStDuBDS _beng _cStDuBDS _dUk _dEG-ScBUE |
||
| 082 | 0 | 4 |
_a320.5 _222 _bPOL |
| 245 | 0 | 0 |
_aPolitical ideologies : _ban introduction / _cedited by Vincent Geoghegan and Rick Wilford. |
| 250 | _a4th ed. | ||
| 260 |
_aOxon ; _aNew York : _bRoutledge, _cc.2014 _e([Croydon] : _fCPI Group (UK) Ltd.) |
||
| 300 |
_aix, 336 p. ; _c26 cm. |
||
| 500 | _aIndex : p. 311-336. | ||
| 504 | _aIncludes bibliographical references. | ||
| 650 | 7 |
_aPolitical science. _91313 _2BUEsh |
|
| 650 | 7 |
_aIdeology. _91315 _2BUEsh |
|
| 651 | _2BUEsh | ||
| 653 |
_bBUSBOL _cOctober2014 _cOctober2015 |
||
| 700 | 1 |
_aGeoghegan, Vincent _936207 _eeditor. |
|
| 700 | 1 |
_aWilford, Rick, _d1947- _923737 _eeditor. |
|
| 942 |
_2ddc _k320.5 POL |
||
| 999 |
_c18451 _d18423 |
||